000 00294nam a22001337a 4500
008 170731b xxu||||| |||| 00| 0 eng d
020 _a9781418836238
041 _aeng
080 _a004
100 _a32
101 _aSHKI
245 _aMICROSOFT VISUAL BASIC 2005
_cZAK, D
942 _2udc
_cBK
999 _c22208
_d22208